| 000 | 00578nam a2200181 i 4500 | ||
|---|---|---|---|
| 001 | 114405 | ||
| 003 | ES-MaACL | ||
| 005 | 20230906190141.0 | ||
| 007 | t| | ||
| 008 | 070227q1950 sp ||||1| spa d | ||
| 080 | _a811.133.1(075.4) | ||
| 100 | 1 |
_aPerrier Rouvier, Alphonse. _991349 |
|
| 245 | 1 | 0 |
_aLengua francesa : _bcurso superior / _cpor Alphonse Perrier. |
| 260 |
_aBarcelona : _bPerrier, _c[ca. 1950] |
||
| 300 |
_a265, 94 p. : _bil. ; _c20 cm. |
||
| 650 | 4 |
_aLengua francesa- _vMétodos. _914225 |
|
| 852 | 4 |
_aES-MaACL _jE-11604 _z- Biblioteca Jacinto Martínez Lacalle |
|
| 999 |
_c114405 _d114405 |
||